000 00798nam a22001695i 4500
001 159400
003 ES-MaACL
005 20230906211600.0
008 020314s1860 sp |||| | spa d
040 _aCAM
_bspa
_cCAM
100 1 _aMendialdua, Francisco Manuel de.
_9129824
245 1 1 _a¿Quién es él?
_b: comedia en tres actos, original y en verso /
_cde Francisco Manuel de Mendialdua.
260 _aMadrid :
_b[s.n.],
_c1860 (
_fImprenta de Cristóbal González)
300 _a76 p. ;
_c17 cm.
500 _aEn port.: Representado por primera vez en el teatro del Circo el día 10 de abril de 1860.
852 _aES-MaACL
_jF-8617(6)
_z-- Enc. pasta española
_q-- Falto de la cub. original
_z-- Enc. en un vol. facticio formando parte de la col. facticia "Teatro español moderno", vol. 72
999 _c159400
_d159400